00737nam a22001697a 4500003000200000005001700002008004100019050002400060100003000084245014400114260007100258300004300329504005700372650004600429650003200475650006000507020250117104042.0250117b xxu||||| |||| 00| 0 eng d aRC 78.7b.Se48 2024 aSerrano, Angelo Saulo N.  aDiagnostic performance machine learning models in stages of liver cirrhosis detection using liver ultrasound datac Angelo Saulo N. Serrano aLas Pinas CitybSouthville International School and Collegesc2024 axi, 62 pages: billustrations ;c28cm. aIncludes bibliographical references and appendices.  aMedical Diagnosis-- Imaging (Ultrasound). aLiver Diseases (Cirrhosis). aArtificial Intelligence --Machine Learning in Medicine.